Beyond "Ethnic Chick Lit" : Labelingpraktiken neuer Welt-Frauen-Literaturen im transkontinentalen Vergleich /

Chick lit hat seit ihrer Entstehung Mitte der 1990er Jahre kulturelle, geographische und sprachliche Grenzen überschritten. Ihre globale Popularität wurde lange als Transfer von den weißen westlichen »Zentren« in die »Peripherien« beschrieben, vom originären anglo-amerikanischen Genre zu adaptierten...

Full description

Bibliographic Details
Main Author: Folie, Sandra (Author)
Corporate Author: JSTOR (Organization)
Format: eBook
Language:German
Published: Bielefeld : transcript, 2022.
Series:Gegenwartsliteratur (Transcript (Firm)) ; Bd. 16.
Subjects:
Online Access:Connect to the full text of this electronic book

MARC

Tag First Indicator Second Indicator Subfields
LEADER 00000cam a2200000 i 4500
001 in00004648321
006 m o d
007 cr cnu|||unuuu
008 220929s2022 gw ob 000 0 ger d
005 20230223171822.1
035 |a (OCoLC)on1346260531 
040 |a N$T  |b eng  |e rda  |e pn  |c N$T  |d N$T  |d DEGRU  |d OCLCF  |d JSTOR 
020 |a 9783839462010  |q (electronic bk.) 
020 |a 3839462010  |q (electronic bk.) 
020 |z 9783837662016 
035 |a (OCoLC)1346260531 
037 |a 22573/ctv36z756s  |b JSTOR 
050 4 |a PN3401 
072 7 |a LIT  |x 000000  |2 bisacsh 
082 0 4 |a 809.30082  |2 23/eng/20221007 
049 |a TXAM 
100 1 |a Folie, Sandra,  |e author. 
245 1 0 |a Beyond "Ethnic Chick Lit" :  |b Labelingpraktiken neuer Welt-Frauen-Literaturen im transkontinentalen Vergleich /  |c Sandra Folie. 
264 1 |a Bielefeld :  |b transcript,  |c 2022. 
300 |a 1 online resource (485 pages) 
336 |a text  |b txt  |2 rdacontent 
337 |a computer  |b c  |2 rdamedia 
338 |a online resource  |b cr  |2 rdacarrier 
490 1 |a Gegenwartsliteratur ;  |v Band 16 
588 |a Online resource; title from PDF title page (EBSCO, viewed October 7, 2022). 
504 |a Includes bibliographical references. 
505 0 0 |t Frontmatter --  |t Inhalt --  |t Verzeichnisse --  |t Danksagung --  |t Präambel --  |t Einleitung: chick lit an der Schnittstelle von Komparatistik und Gender Studies --  |t 1. Frauenliteratur -- Weltliteratur -- Berührungspunkte --  |t 1.1 Frauenliteratur --  |t 1.2 Weltliteratur --  |t 1.3 Welt-Frauen*-Literaturen --  |t 2. Chick lit, die neue Frauenliteratur --  |t 2.1 Re-Vision: die (De-)Konstruktion anglo-amerikanischer chick lit --  |t 2.2 Recovery: (Dis-)Kontinuitäten anglo-amerikanischer chick lit --  |t 3. Beyond ethnic chick lit oder neue Welt-Frauen*-Literaturen --  |t 3.1 Circulation: chick lit als globales Genre --  |t Einleitung --  |t 3.1.1 Indonesische Welt-Frauen*-Literatur --  |t 3.1.2 Chinesische Welt-Frauen*-Literatur --  |t 3.1.3 Arabische Welt-Frauen*-Literatur --  |t 3.1.4 Afrikanische Welt-Frauen*-Literatur --  |t 3.2 Collage: the global chick --  |t Epilog: chick lit(s) als Welt-Frauen*-Literatur(en) --  |t Quellenverzeichnis --  |t Bildnachweise --  |t Anhang --  |t Register 
520 |a Chick lit hat seit ihrer Entstehung Mitte der 1990er Jahre kulturelle, geographische und sprachliche Grenzen überschritten. Ihre globale Popularität wurde lange als Transfer von den weißen westlichen »Zentren« in die »Peripherien« beschrieben, vom originären anglo-amerikanischen Genre zu adaptierten, ethnischen Subgenres. Sandra Folie zeigt anhand von Fallbeispielen vermeintlich peripherer ethnic chick lit aus Asien und Afrika, wie sexistische und ethnisierende Labeling- und Vermarktungsstrategien international erfolgreiche Gegenwartsliteratur von Frauen abwerten und vereinheitlichen. Ihre vergleichende Analyse zeichnet ein Bild pluraler Herkunftsnarrative und Entwicklungstendenzen. 
650 0 |a Chick lit  |x History and criticism. 
650 0 |a Fiction  |x Women authors  |x History and criticism. 
650 0 |a Young women in literature. 
650 7 |a LITERARY CRITICISM / General.  |2 bisacsh 
650 7 |a Chick lit.  |2 fast  |0 (OCoLC)fst01739845 
650 7 |a Fiction  |x Women authors.  |2 fast  |0 (OCoLC)fst00923769 
650 7 |a Young women in literature.  |2 fast  |0 (OCoLC)fst01183335 
655 7 |a Electronic books.  |2 local 
655 7 |a Criticism, interpretation, etc.  |2 fast  |0 (OCoLC)fst01411635 
710 2 |a JSTOR (Organization) 
830 0 |a Gegenwartsliteratur (Transcript (Firm)) ;  |v Bd. 16. 
856 4 0 |u https://www.jstor.org/stable/10.2307/j.ctv371c6n0  |z Connect to the full text of this electronic book  |t 0 
955 |a JSTOR Open Access ebooks 
994 |a 92  |b TXA 
999 f f |s 929aaaa4-54a7-4dcf-bc8c-11b81f1e6f41  |i 418ed11c-8fcb-4db3-9848-eab547a5f722  |t 0 
952 f f |a Texas A&M University  |b College Station  |c Electronic Resources  |d Available Online  |t 0  |e PN3401   |h Library of Congress classification 
998 f f |a PN3401   |t 0  |l Available Online